5 Countries Click Quiz #9 - Statistics

General Stats
  • This quiz has been taken 68 times
  • The average score is 11 of 15
Answer Stats
Hint Answer % Correct
Capital is Phnom Penh Cambodia
96%
Capital is Lima Peru
96%
Capital has the same name as country Monaco
95%
Is home to Machu Picchu Peru
95%
Capital is Bucharest Romania
93%
Capital is Minsk Belarus
89%
Has the highest life expectancy Monaco
89%
Highest population density in the world Monaco
87%
Is home to the Angkor Wat Cambodia
85%
Is landlocked(Doesn't touch sea or ocean) Belarus
76%
Changed its name since 1950 Cambodia
55%
Has over 3,700 species of butterflies Peru
51%
The jet engine was invented there Romania
42%
Is home to the heaviest building in the world Romania
29%
Makes over 60% of the worlds tractors Belarus
24%
No matching quizzes found
Score Distribution
Percent of People with Each Score
Percentile by Number Answered
Your Score History
You have not taken this quiz